Pathfinder Classes - Statistics

General Stats
  • This quiz has been taken 3 times
  • The average score is 10 of 27
Answer Stats
Hint Answers % Correct
Expanded Barbarian
100%
Core Cleric
100%
Core Druid
100%
Core Fighter
100%
Expanded Monk
100%
Core Rogue
100%
Expanded Sorcerer
100%
Core Wizard
100%
Core Ranger
67%
Core Bard
33%
Expanded Oracle
33%
Expanded Summoner
33%
Expanded Swashbuckler
33%
Expanded Alchemist
0%
Expanded Animist
0%
Expanded Champion
0%
Expanded Commander
0%
Expanded Exemplar
0%
Expanded Guardian
0%
Expanded Gunslinger
0%
Expanded Inventor
0%
Expanded Investigator
0%
Expanded Kineticist
0%
Expanded Magus
0%
Expanded Psychic
0%
Expanded Thaumaturge
0%
Core Witch
0%
No matching quizzes found
Score Distribution
Percent of People with Each Score
Percentile by Number Answered
Your Score History
You have not taken this quiz